| 000 | 01167nam a22003135i 4500 | ||
|---|---|---|---|
| 999 |
_c29059 _d29030 |
||
| 003 | EG-ScBUE | ||
| 005 | 20201217120730.0 | ||
| 008 | 201217s2019 ua g 000 1 ara d | ||
| 017 | _a2019 / 21943 | ||
| 020 | _a9789770935941 | ||
| 040 |
_aEG-ScBUE _bara _erda _cEG-ScBUE _dEG-ScBUE |
||
| 041 | 1 |
_aara _htur |
|
| 082 | 0 | 4 |
_a894.3533 _bب ا م _222 |
| 100 | 1 |
_aباموق، أورهان، _d1952- _eمؤلف. |
|
| 240 | 1 | 0 |
_aYeni hayat. _lArabic |
| 245 | 1 | 2 |
_aالحياة الجديدة / _cأورهان باموق ؛ ترجمة عبد القادر عبد اللي. |
| 250 | _aالطبعة الأولى. | ||
| 264 | 1 |
_aالقاهرة : _bدار الشروق، _c2019. |
|
| 300 |
_a341 صفحة ؛ _c22 سم |
||
| 336 |
_aنص _btxt _2rdacontent |
||
| 337 |
_aبدون وسيط _bn _2rdamedia |
||
| 338 |
_aمجلد _bnc _2rdacarrier |
||
| 500 | _aالطبعة العربية الأولى، 2001. | ||
| 546 | _aالنص باللغة العربية ؛ مترجم من اللغة التركية. | ||
| 650 | 7 |
_aالقصص التركية. _2BUEsh |
|
| 653 |
_bGGEN _cDecember2020 |
||
| 700 | 1 |
_aعبد اللي، عبد القادر، _eمترجم. |
|
| 942 | _2ddc | ||